Estadísticas para Canciones de Felicilandia - Álvaro Díaz

Haz click aquí para intentar la prueba.

Estadísticas generales

  • Esta prueba ha sido intentada 16 veces
  • La puntuación promedio es 11 de 16

Estadísticas de respuestas

ArtistaCanción% Correcto
4Álvaro Díaz, Rauw AlejandroProblemón
100%
9Álvaro Díaz, Feid, TainyLlori Pari
93%
5Álvaro Díaz, Jesse Baez18+1
79%
12Álvaro DíazBabysita </3
79%
2Álvaro Díaz, RandyOG Black
79%
8Álvaro DíazClose Friends
71%
6Álvaro Díaz, ZizzyNitro+
71%
15Álvaro Díaz, Sebastian YatraOnline ;(
71%
1Álvaro DíazBienvenidos A Felicilandia
64%
10Álvaro DíazBrilloteo
64%
11Álvaro Díaz, YensanjuanD-Gratis
64%
13Álvaro Díaz, BrattyShh
64%
14Álvaro Díaz, RawayanaChinita Linda
57%
3Álvaro DíazGatillera
57%
16Álvaro DíazPara Ya!
57%
7Álvaro DíazCasual Day
50%

Distribución de puntuación

Porcentaje por número respondido

Porcentaje de gente con cada puntuación

Historial de tus puntuaciones

No has intentado esta prueba.